000 00355cam a2200145ua 4500
041 _aeng
_h
082 _a370.1523
_bMIL/LE
100 _aMiles, B. Mathew .
245 _aLearning to work in groups
260 _aColombia :
_b Teachers college, Colombia university ,
_c1960.
300 _a285 ; .
504 _a
942 _cBK
999 _c11207
_d11207